Historia de las teorías biológicas / (Record no. 123439)

MARC details
000 -LEADER
campo de control de longitud fija 00504nam a2200169 i 4500
001 - NÚMERO DE CONTROL
campo de control 123439
003 - IDENTIFICADOR DE NÚMERO DE CONTROL
campo de control ES-MaACL
005 - FECHA Y HORA DE LA ÚLTIMA TRANSACCIÓN
campo de control 20230906192155.0
007 - CAMPO FIJO DE DESCRIPCIÓN FÍSICA--INFORMACIÓN GENERAL
campo de control de longitud fija t|
008 - DATOS DE LONGITUD FIJA--INFORMACIÓN GENERAL
campo de control de longitud fija 070214s1931 sp r ||||1| spa d
100 1# - ENTRADA PRINCIPAL--NOMBRE DE PERSONA
Nombre de persona Radl, Emanuel.
9 (RLIN) 94932
245 10 - MENCIÓN DEL TÍTULO
Título Historia de las teorías biológicas /
Mención de responsabilidad, etc. Em. Radl.
260 ## - PUBLICACIÓN, DISTRIBUCIÓN, ETC.
Lugar de publicación, distribución, etc. Madrid :
Nombre del editor, distribuidor, etc. [Galo Sèz],
Fecha de publicación, distribución, etc. 1931.
300 ## - DESCRIPCIÓN FÍSICA
Extensión 2 v. ;
Dimensiones 26 x 18 cm.
505 8# - NOTA DE CONTENIDO CON FORMATO
Nota de contenido con formato Contiene: t. I: Hasta el siglo XIX --- t. II: Desde Lamarck y Cuvier
852 ## - LOCALIZACIÓN
Ubicación ES-MaACL
Número de control de estantería A-436-37
Holdings
Estatus retirado Estado de pérdida Estado de daño No para préstamo Biblioteca de origen Biblioteca actual Ubicación en estantería Fecha de adquisición Fuente de adquisición Total de préstamos Signatura topográfica completa Código de barras Visto por última vez Precio de reemplazo Tipo de ítem Koha
        Biblioteca del Ateneo de Madrid Biblioteca del Ateneo de Madrid Sala Pecera Planta 1 17/01/2008     A-436-37 1128612 23/02/2023 23/02/2023 Libro impreso